「う」から始まる駅 - Statistics

General Stats
  • This quiz has been taken 38 times
  • The average score is 52 of 202
Answer Stats
Hint Answer % Correct
宇佐
78%
JR-D09 | KH77 宇治
78%
UEN 上野
72%
JR-L15 宇野
72%
牛田
67%
宇都宮
67%
宇部
67%
M74 宇治山田
61%
宇土
61%
M16 梅田
61%
URW 浦和
61%
U28 宇和島
61%
E 09 上野御徒町
56%
G 15 上野広小路
56%
JA 17 浮間舟渡
56%
JY 06 鶯谷
56%
JT 25 宇佐美
56%
SR 26 浦和美園
56%
うきは
50%
牛久
50%
臼杵
50%
宇部新川
50%
KK10 梅屋敷
50%
T 18 浦安
50%
BE01 上田
44%
JC 27 上野原
44%
羽後本荘
44%
CG05 鵜沼
44%
JD16 宇美
44%
JI 52 海芝浦
44%
KK64 浦賀
44%
TD 19 運河
44%
JR-M09 植松
39%
E 05 牛込神楽坂
39%
羽前小松
39%
羽前千歳
39%
Y09 宇多津
39%
畝傍
39%
TM03 鵜の木
39%
OH 09 梅ヶ丘
39%
8 | T17 植田
33%
JR-A76 魚住
33%
魚津
33%
羽後境
33%
羽後長野
33%
羽後四ツ屋
33%
E 04 牛込柳町
33%
JC 56 牛浜
33%
H40 有珠
33%
羽前大山
33%
羽前水沢
33%
羽前山辺
33%
HC19 内田
33%
NS09 畦野
33%
鵜原
33%
TD 18 梅郷
33%
TS 12 梅島
33%
浦川
33%
植木
28%
JR-R31 上野芝
28%
鵜飼
28%
M91 鵜方
28%
宇久井
28%
羽後飯塚
28%
JR-E07 太秦
28%
T17 太秦天神川
28%
羽前高松
28%
羽前長崎
28%
羽前中山
28%
内子
28%
内原
28%
有年
28%
宇野気
28%
JD02 海ノ中道
28%
MY18 梅坪
28%
JC15 | MR4 浦田
28%
K40 浦幌
28%
WK04 運動公園
28%
上野市
22%
HS 23 魚崎
22%
羽後牛島
22%
羽後亀田
22%
羽後長戸呂
22%
B07 牛島
22%
KM09 牛山
22%
臼田
22%
羽前金沢
22%
羽前前波
22%
羽前椿
22%
羽前豊里
22%
I 07 内幸町
22%
NS13 内宿
22%
打田
22%
内野
22%
宇奈月
22%
KG01 鵜沼宿
22%
B41 畝傍御陵前
22%
宇島
22%
18 宇野辺
22%
U22 卯之町
22%
祖母島
22%
馬立
22%
JR-E10 馬堀
22%
T35 浦山
22%
嬉野温泉
22%
魚沼田中
17%
NS04 鶯の森
17%
有家
17%
羽後太田
17%
氏家
17%
CD04 牛久保
17%
鵜杉
17%
羽前成田
17%
羽前松岡
17%
内海
17%
HS 19 打出
17%
内野西が丘
17%
T39 内山
17%
現川
17%
KB33 ウッディタウン中央
17%
NH16 宇頭
17%
T41 宇奈月温泉
17%
宇部岬
17%
11 海の公園柴口
17%
12 海の公園南口
17%
梅ケ沢
17%
JR-E02 梅小路京都西
17%
N05 梅林
17%
浦上
17%
うらがわら
17%
浦宿
17%
浦本
17%
KK 03 運動公園前
17%
KC09 植大
11%
BE05 上田原
11%
魚沼丘陵
11%
F25 浮孔
11%
羽後岩谷
11%
羽後中里
11%
牛津
11%
OR22 牛ノ浜
11%
宇宿
11%
羽前沼沢
11%
内船
11%
打保
11%
鵜殿
11%
鵜住居
11%
姥堂
11%
19 海ノ口
11%
IY18 梅本
11%
敬川
11%
浦佐
11%
18 浦添前田
11%
CR33 浦山口
11%
瓜連
11%
MY06 上挙母
11%
9 雲州平田
11%
ウェスパ椿山
6%
上林
6%
植村
6%
魚沼中条
6%
宇賀本郷
6%
TK36 浮鞭
6%
鶯野
6%
鶯巣
6%
牛ノ谷
6%
IY20 牛渕
6%
IY19 牛渕団地前
6%
後潟
6%
太秦広隆寺
6%
宇田郷
6%
内ケ巻
6%
内郷
6%
KD04 打越
6%
内名
6%
A12 内灘
6%
内之田
6%
内牧
6%
G29 打井川
6%
内部
6%
H02 馬道
6%
海尻
6%
OR08 海浦
6%
TK35 海の王迎
6%
梅ケ谷
6%
梅ケ峠
6%
梅迫
6%
S08 梅戸井
6%
12 梅山
6%
浦ノ崎
6%
漆山
6%
H16 植苗
0%
牛ケ原
0%
No matching quizzes found
Score Distribution
Percent of People with Each Score
Percentile by Number Answered
Your Score History
You have not taken this quiz